000 00457nam a2200157 4500
001 136412
003 ES-MaACL
005 20230906195125.0
007 t|
008 070214s1914 xxu r ||||1| eng d
100 1 _aSachs, Julius.
_9101249
245 1 4 _aThe american secondary school and some of its problems /
_cJulius Sachs.
260 _aNorwood (USA) :
_bJ, S, Cushing Co.,
_c1914.
300 _aXVIII, 295 p. ;
_c20 cm.
852 _aES-MaACL
_jF-5989
999 _c136412
_d136412